00725nam a2200205 a 4500001001000000003000900010005001700019008003600036020001500072040002500087082002700112100004400139245009300183260005400276300002200330490006900352651002200421651004500443700003100488000011253DO-SdBNP20230503103243.0091015s1979 dr 000 0 spa d a8484010236 aDO-SdBNPbspacBPMSU a972.94bD717m 19792221 aDorsainvil, Jean Crisostomed1880-1942.10aManual de historia de Haití /cJean Crisostome Dorsainvil; prólogo Hermano Archange. aSanto Domingo :bEditora de Santo Domingo,c1979. a342 p. ;c23 cm. 0 aCultura dominicana aSociedad Dominicana de Bibliófilos ; v30 4aHaitíxHistoria 4aHaitíxPolítica y gobiernoxHistoria1 aArchange, Hermanoepról.